| 000 | 00613cam a22002172 4500 | ||
|---|---|---|---|
| 001 | 0000019805 | ||
| 005 | 20151217152202.0 | ||
| 008 | 110210s xx 000 0 eng d | ||
| 020 | _a0521740241: | ||
| 040 |
_aKABU _cKABU |
||
| 100 | 1 |
_aYule, George. _@0000158015 |
|
| 245 | 1 | 4 |
_aThe Study of language / _cGeorge Yule. |
| 250 | _a3rd ed. | ||
| 260 |
_aCambridge : _bC. U. P., _c2006. |
||
| 300 |
_ax, 273 p. ; _c. |
||
| 650 | 0 |
_aLanguage and languages. _@0000045927 |
|
| 650 | 0 |
_aLinguistics. _@0000151993 |
|
| 852 | 1 | _9p2193 KES | |
| 908 | _a110210 | ||
| 950 | _@1 | ||
| 999 |
_c9081 _d9081 |
||